[Event "GBR-ch106 Senior Over 65"]
[Site "Torquay"]
[Date "2019.08.01"]
[Round "4.19"]
[White "Tidmarsh, David A"]
[Black "Collins, Peter M"]
[Result "1/2-1/2"]
[WhiteElo "1809"]
[BlackElo "1868"]
[PlyCount "31"]
[EventDate "2019.07.29"]
[EventType "swiss"]
[EventRounds "7"]
[EventCountry "GBR"]

1. e4 d6 2. d4 g6 3. Be3 Bg7 4. Bc4 a6 5. Ne2 e6 6. O-O Ne7 7. a4 O-O 8. Nbc3
b6 9. Qd2 Bb7 10. Bh6 Nd7 11. Bxg7 Kxg7 12. Bb3 d5 13. exd5 Nxd5 14. Nxd5 Bxd5
15. Bxd5 exd5 16. Qf4 1/2-1/2

[Event "GBR-ch106 Senior Over 65"]
[Site "Torquay"]
[Date "2019.08.01"]
[Round "4.20"]
[White "Fisher, C Phillip"]
[Black "O'Brien, Paul W"]
[Result "1-0"]
[WhiteElo "1843"]
[BlackElo "1590"]
[PlyCount "51"]
[EventDate "2019.07.29"]
[EventType "swiss"]
[EventRounds "7"]
[EventCountry "GBR"]

1. e4 c5 2. Nf3 d6 3. d4 cxd4 4. Nxd4 Nf6 5. Nc3 g6 6. Be3 Bg7 7. f3 O-O 8. Qd2
Nc6 9. O-O-O d5 10. Qe1 e5 11. Nxc6 bxc6 12. exd5 cxd5 13. Bg5 Be6 14. Qxe5 Ne4
15. Qxg7+ Kxg7 16. Bxd8 Nf2 17. Bh4 Nxh1 18. Be2 h6 19. Rxh1 g5 20. Bf2 f5 21.
Rd1 Rfd8 22. Nb5 Rd7 23. Nd4 Kf6 24. Bb5 Rd6 25. Nc6 Bd7 26. Bd4+ 1-0

[Event "GBR-ch106 Senior Over 65"]
[Site "Torquay"]
[Date "2019.08.01"]
[Round "4.21"]
[White "Dennis, Nigel W"]
[Black "Goodwin, Ed H"]
[Result "1/2-1/2"]
[WhiteElo "1745"]
[BlackElo "1825"]
[PlyCount "67"]
[EventDate "2019.07.29"]
[EventType "swiss"]
[EventRounds "7"]
[EventCountry "GBR"]

1. e4 c5 2. Nf3 e6 3. d4 cxd4 4. Nxd4 a6 5. c4 Nf6 6. Nc3 Qc7 7. a3 b6 8. Be2
Bb7 9. f3 d6 10. O-O Be7 11. Be3 O-O 12. Rc1 Re8 13. b4 Nbd7 14. Qd2 Rac8 15.
Rfd1 Qb8 16. Nb3 d5 17. cxd5 exd5 18. exd5 Bd6 19. f4 Rxe3 20. Qxe3 Bxf4 21.
Qd4 Re8 22. Kh1 Bxc1 23. Nxc1 Qd6 24. Bf3 Qe5 25. Qxe5 Rxe5 26. Nd3 Re3 27. Kg1
g5 28. Kf2 Re8 29. g3 Rc8 30. Rc1 Re8 31. Re1 Rc8 32. Rc1 Re8 33. Re1 Rc8 34.
Rc1 1/2-1/2

[Event "GBR-ch106 Senior Over 65"]
[Site "Torquay"]
[Date "2019.08.01"]
[Round "4.22"]
[White "Norman, Dinah M"]
[Black "Smith, David"]
[Result "1/2-1/2"]
[WhiteElo "1680"]
[BlackElo "1878"]
[PlyCount "45"]
[EventDate "2019.07.29"]
[EventType "swiss"]
[EventRounds "7"]
[EventCountry "GBR"]

1. d4 Nf6 2. Nf3 g6 3. Bf4 Bg7 4. e3 O-O 5. h3 d6 6. Bc4 c6 7. c3 Nbd7 8. O-O
b5 9. Be2 a6 10. Nbd2 Bb7 11. e4 c5 12. d5 c4 13. Qc2 Rc8 14. Rfe1 Nc5 15. Bf1
Re8 16. Be3 e6 17. Bxc5 Rxc5 18. dxe6 fxe6 19. Rad1 Nh5 20. Nd4 d5 21. e5 Bf8
22. N2f3 Ng7 23. Qd2 1/2-1/2

[Event "GBR-ch106 Senior Over 65"]
[Site "Torquay"]
[Date "2019.08.01"]
[Round "4.23"]
[White "Skinner, Nicholas H"]
[Black "Kearsley, Raymond J"]
[Result "1-0"]
[WhiteElo "1905"]
[BlackElo "1598"]
[PlyCount "57"]
[EventDate "2019.07.29"]
[EventType "swiss"]
[EventRounds "7"]
[EventCountry "GBR"]

1. d4 d5 2. Bf4 Nf6 3. e3 e6 4. Nd2 Bd6 5. Bg3 O-O 6. c3 Nc6 7. Ngf3 Bxg3 8.
hxg3 Re8 9. Ne5 Nxe5 10. dxe5 Nd7 11. Qh5 h6 12. f4 f5 13. g4 fxg4 14. Qxg4 Kh8
15. Bd3 Nf8 16. O-O-O Qe7 17. Nf3 Qf7 18. Rh3 Re7 19. Rdh1 Bd7 20. Qh4 Rae8 21.
Ng5 Qg8 22. g4 Bc6 23. Rg1 Rd7 24. Nf3 Rde7 25. g5 Qf7 26. gxh6 gxh6 27. Qxh6+
Nh7 28. Bxh7 Qxh7 29. Qf6+ 1-0

[Event "GBR-ch106 Senior Over 65"]
[Site "Torquay"]
[Date "2019.08.01"]
[Round "4.24"]
[White "Rhodes, Lawrence"]
[Black "Cresswell, Mike J"]
[Result "1-0"]
[WhiteElo "1607"]
[BlackElo "1685"]
[PlyCount "101"]
[EventDate "2019.07.29"]
[EventType "swiss"]
[EventRounds "7"]
[EventCountry "GBR"]

1. c4 Nf6 2. Nc3 g6 3. e4 d6 4. d4 Bg7 5. Nf3 Nc6 6. Be2 O-O 7. O-O h6 8. h3 e5
9. d5 Ne7 10. Nh2 g5 11. Ng4 Nxg4 12. hxg4 Kh7 13. Be3 Rh8 14. c5 Ng6 15. g3
Nf8 16. Rc1 a6 17. Na4 Bd7 18. cxd6 Bxa4 19. Qxa4 cxd6 20. Rc3 Rc8 21. Rfc1
Rxc3 22. Rxc3 Ng6 23. Qb4 Qd7 24. Qc4 Qe7 25. Bb6 Re8 26. Qa4 Qf8 27. Rc7 Rc8
28. Qd7 Rxc7 29. Bxc7 Qe7 30. Qxe7 Nxe7 31. Bxd6 Nc8 32. Bc7 Ne7 33. d6 Nc6 34.
Bc4 Bf6 35. Bxf7 Nd8 36. Bd5 b5 37. Kg2 Kg7 38. Kf3 Kf8 39. Ke3 Ke8 40. Kd3 Kd7
41. Kc3 Bg7 42. Kb4 Nc6+ 43. Kc5 Nd4 44. Kb6 Bf8 45. Kxa6 Bxd6 46. Bxd6 Kxd6
47. Kb6 b4 48. a4 bxa3 49. bxa3 Nc2 50. a4 Nb4 51. a5 1-0

[Event "GBR-ch106 Senior Over 65"]
[Site "Torquay"]
[Date "2019.08.02"]
[Round "5.1"]
[White "Norman, Kenneth I"]
[Black "Burnett, Jim"]
[Result "1-0"]
[WhiteElo "2121"]
[BlackElo "2018"]
[PlyCount "101"]
[EventDate "2019.07.29"]
[EventType "swiss"]
[EventRounds "7"]
[EventCountry "GBR"]

1. Nf3 d5 2. c4 e6 3. g3 Nf6 4. Bg2 Be7 5. O-O O-O 6. d4 c6 7. Qc2 Nbd7 8. b3
b6 9. Nc3 Ba6 10. Nd2 Rc8 11. a4 c5 12. dxc5 dxc4 13. bxc4 Nxc5 14. Nb5 Ra8 15.
Bxa8 Qxa8 16. Nc7 Qc6 17. Nxa6 Nxa6 18. Bb2 Nb4 19. Qb3 a5 20. Qf3 Qc7 21. Ne4
Nd7 22. Rfd1 f5 23. Nc3 Nc5 24. Nb5 Qb8 25. Nd4 Qe8 26. Nb5 Qb8 27. Bc3 e5 28.
Bxb4 axb4 29. Qd5+ Kh8 30. Nd6 h6 31. Nf7+ Kh7 32. Nxe5 Rd8 33. Nc6 Rxd5 34.
Nxb8 Rxd1+ 35. Rxd1 Nxa4 36. Nc6 Bc5 37. Rb1 Nc3 38. Rb3 Ne4 39. Nxb4 Nxf2 40.
Kg2 Ng4 41. Nd5 Ne5 42. Nxb6 Bxb6 43. Rxb6 Nxc4 44. Rc6 Ne3+ 45. Kf3 Ng4 46.
Kf4 g6 47. Rc7+ Kg8 48. h3 Nf6 49. Ke5 Ne8 50. Rc8 Kf7 51. Rxe8 1-0

[Event "GBR-ch106 Senior Over 65"]
[Site "Torquay"]
[Date "2019.08.02"]
[Round "5.2"]
[White "Emerson, Roger"]
[Black "Page, Mark E"]
[Result "1-0"]
[WhiteElo "2181"]
[BlackElo "2102"]
[PlyCount "107"]
[EventDate "2019.07.29"]
[EventType "swiss"]
[EventRounds "7"]
[EventCountry "GBR"]

1. e4 c5 2. Nf3 Nf6 3. Nc3 d6 4. e5 dxe5 5. Nxe5 a6 6. Be2 e6 7. Bf3 Nbd7 8.
Nc4 Rb8 9. a4 Nb6 10. Nxb6 Qxb6 11. a5 Qc7 12. Qe2 Bd7 13. b3 Bd6 14. h3 O-O
15. O-O Rbd8 16. Bb2 Bc6 17. Bxc6 Qxc6 18. Ra4 Bc7 19. d3 e5 20. Ne4 Nxe4 21.
Rxe4 Bxa5 22. Rxe5 Rfe8 23. Qh5 Rxe5 24. Qxe5 f6 25. Qh5 Rd5 26. Qe2 Rd8 27.
Qg4 Qd7 28. Qf3 Re8 29. g3 Bd8 30. Kg2 b5 31. Rd1 Bb6 32. c4 h6 33. Ra1 Qc8 34.
Rd1 Kh8 35. h4 Ba7 36. Ra1 Bb8 37. cxb5 axb5 38. Rc1 Qe6 39. Rxc5 Qxb3 40. Qc6
Rf8 41. Qxb5 Qxb5 42. Rxb5 Bd6 43. Rd5 Bb4 44. Bd4 Rc8 45. Rd7 Kg8 46. Be3 h5
47. Rd5 g6 48. Rd7 Bf8 49. Kf3 Re8 50. d4 f5 51. d5 Bg7 52. Bb6 Re4 53. Rxg7+
Kxg7 54. d6 1-0

[Event "GBR-ch106 Senior Over 65"]
[Site "Torquay"]
[Date "2019.08.02"]
[Round "5.3"]
[White "Friedgood, David"]
[Black "Wager, John D"]
[Result "1-0"]
[WhiteElo "2177"]
[BlackElo "2014"]
[PlyCount "101"]
[EventDate "2019.07.29"]
[EventType "swiss"]
[EventRounds "7"]
[EventCountry "GBR"]

1. c4 Nf6 2. Nc3 g6 3. e4 d6 4. d4 Bg7 5. Be2 O-O 6. Bg5 h6 7. Be3 e5 8. d5
Nbd7 9. Qd2 Kh7 10. f3 a5 11. g4 Ng8 12. h4 b6 13. h5 g5 14. Bd3 Nc5 15. Bc2
Bd7 16. b3 Qe7 17. Nge2 Rfb8 18. Nb5 Bxb5 19. cxb5 Qd7 20. Nc3 Bf6 21. Kf2 Kg7
22. a3 Bd8 23. b4 Nb7 24. Bd3 f6 25. Rhb1 Ne7 26. Ne2 axb4 27. axb4 Rxa1 28.
Rxa1 Qc8 29. Rc1 Qd7 30. Ra1 Qc8 31. Ra6 Kf8 32. Ng3 Kf7 33. Qc3 Kf8 34. Ke2
Kf7 35. Kd2 Kf8 36. Ra7 Kf7 37. Nf5 Nxf5 38. exf5 Ra8 39. Ra6 Ke7 40. Qc6 Qb8
41. Qc2 Qc8 42. Kd1 Rb8 43. Ke2 Ra8 44. Kf2 Rb8 45. Be2 Ra8 46. Qa2 Rb8 47. Ra7
Ke8 48. Qc2 Be7 49. Bxb6 Bd8 50. Qc6+ Kf8 51. Be3 1-0

[Event "GBR-ch106 Senior Over 65"]
[Site "Torquay"]
[Date "2019.08.02"]
[Round "5.4"]
[White "Hewson, Brian WR"]
[Black "Hutchinson, Norman A"]
[Result "1-0"]
[WhiteElo "2035"]
[BlackElo "1983"]
[PlyCount "79"]
[EventDate "2019.07.29"]
[EventType "swiss"]
[EventRounds "7"]
[EventCountry "GBR"]

1. d4 Nf6 2. c4 e6 3. g3 d5 4. Nf3 b6 5. Bg2 Ba6 6. cxd5 exd5 7. O-O Bd6 8. Nc3
c6 9. Re1 O-O 10. a3 Re8 11. Ng5 h6 12. Nh3 Bb7 13. Bf4 Bxf4 14. Nxf4 Nbd7 15.
Rc1 Ne4 16. b4 Ndf6 17. e3 a5 18. Qb3 axb4 19. Nxe4 Nxe4 20. axb4 Nd2 21. Qc3
Nc4 22. Ra1 Qd6 23. e4 g5 24. e5 Qf8 25. Nh5 Rxa1 26. Rxa1 Ra8 27. Nf6+ Kg7 28.
Rxa8 Qxa8 29. h4 Qh8 30. Qc2 Bc8 31. b5 cxb5 32. Bxd5 Be6 33. Bxe6 fxe6 34. h5
Kf7 35. Qe4 Qf8 36. d5 Nd2 37. dxe6+ Kxe6 38. Qd5+ Kf5 39. g4+ Kf4 40. Qd4+ 1-0

[Event "GBR-ch106 Senior Over 65"]
[Site "Torquay"]
[Date "2019.08.02"]
[Round "5.5"]
[White "Shephard, Chris CW"]
[Black "Myall, Ivan J"]
[Result "1-0"]
[WhiteElo "2214"]
[BlackElo "1993"]
[PlyCount "63"]
[EventDate "2019.07.29"]
[EventType "swiss"]
[EventRounds "7"]
[EventCountry "GBR"]

1. c4 Nf6 2. Nf3 e6 3. g3 d5 4. Bg2 c6 5. b3 Bd6 6. Bb2 Nbd7 7. d4 Ne4 8. O-O
O-O 9. Nbd2 f5 10. Ne1 Qa5 11. Ndf3 f4 12. c5 Bb8 13. gxf4 Rxf4 14. Nd3 Rf8 15.
Nfe5 Qd8 16. f3 Ng5 17. Kh1 Nf7 18. Rg1 Ndxe5 19. dxe5 Nh6 20. Bh3 Qh4 21. Qf1
Nf5 22. Qg2 g6 23. Bc1 Qe7 24. Bg5 Qc7 25. Bf6 Rxf6 26. exf6 Kf7 27. Bxf5 exf5
28. f4 Kxf6 29. Qg5+ Ke6 30. Qh6 Qe7 31. Rg3 Bd7 32. Re3+ 1-0

[Event "GBR-ch106 Senior Over 65"]
[Site "Torquay"]
[Date "2019.08.02"]
[Round "5.6"]
[White "Pickersgill, Adrian O"]
[Black "Hutchinson, Paul A"]
[Result "1-0"]
[WhiteElo "1948"]
[BlackElo "2177"]
[PlyCount "37"]
[EventDate "2019.07.29"]
[EventType "swiss"]
[EventRounds "7"]
[EventCountry "GBR"]

1. e4 d5 2. exd5 Qxd5 3. Nc3 Qd6 4. Nf3 Nf6 5. g3 a6 6. Bg2 e5 7. O-O Nc6 8. d3
Be7 9. Re1 O-O 10. h3 Re8 11. Be3 Nd4 12. Nxd4 exd4 13. Bf4 Qb6 14. Na4 Qa5 15.
b3 Rb8 16. Re5 b5 17. Bd2 Bb4 18. Rxe8+ Nxe8 19. Qe1 1-0

[Event "GBR-ch106 Senior Over 65"]
[Site "Torquay"]
[Date "2019.08.02"]
[Round "5.7"]
[White "Habershon, Paul F"]
[Black "Anderton, David W"]
[Result "1-0"]
[WhiteElo "2017"]
[BlackElo "2088"]
[PlyCount "51"]
[EventDate "2019.07.29"]
[EventType "swiss"]
[EventRounds "7"]
[EventCountry "GBR"]

1. e4 e6 2. d3 d5 3. Nd2 c5 4. g3 Nc6 5. Bg2 Nf6 6. Ngf3 dxe4 7. dxe4 Be7 8.
O-O O-O 9. c3 e5 10. Qc2 Qc7 11. Nc4 h6 12. Ne3 Be6 13. Nh4 Rfd8 14. Nef5 Bf8
15. Qe2 g5 16. Nf3 Bxf5 17. exf5 Rd7 18. h4 e4 19. Nxg5 hxg5 20. hxg5 Ne8 21.
f6 Nd6 22. Bh3 Ne5 23. Qh5 Ng6 24. Kg2 e3 25. Bxd7 Qxd7 26. Rh1 1-0

[Event "GBR-ch106 Senior Over 65"]
[Site "Torquay"]
[Date "2019.08.02"]
[Round "5.8"]
[White "Bray, Dave J"]
[Black "Charnley, Bernard J"]
[Result "1/2-1/2"]
[WhiteElo "2085"]
[BlackElo "1875"]
[PlyCount "60"]
[EventDate "2019.07.29"]
[EventType "swiss"]
[EventRounds "7"]
[EventCountry "GBR"]

1. d4 e6 2. e4 d5 3. Nc3 dxe4 4. Nxe4 Nf6 5. Bg5 Be7 6. Bxf6 gxf6 7. Nf3 b6 8.
Bb5+ c6 9. Bd3 Bb7 10. Qe2 Nd7 11. O-O-O Qc7 12. Kb1 Rg8 13. Ng3 Nf8 14. Rhe1
Ng6 15. Nh5 O-O-O 16. g3 Rd5 17. Bxg6 hxg6 18. Nf4 Rd7 19. Nd3 Ba6 20. Qe3 Bxd3
21. Rxd3 Rgd8 22. Red1 Kb8 23. Qe4 c5 24. c3 c4 25. R3d2 Rd5 26. Ne1 Qd7 27.
Qc2 e5 28. Ng2 exd4 29. Rxd4 Rxd4 30. Rxd4 Qb7 1/2-1/2

[Event "GBR-ch106 Senior Over 65"]
[Site "Torquay"]
[Date "2019.08.02"]
[Round "5.9"]
[White "Campbell, Ian"]
[Black "Jones, Chris"]
[Result "1/2-1/2"]
[WhiteElo "1945"]
[BlackElo "2036"]
[PlyCount "20"]
[EventDate "2019.07.29"]
[EventType "swiss"]
[EventRounds "7"]
[EventCountry "GBR"]

1. Nf3 Nf6 2. b3 g6 3. Bb2 Bg7 4. e3 O-O 5. d4 b6 6. Be2 c5 7. O-O d5 8. Nbd2
Nbd7 9. c4 Bb7 10. Rc1 Rc8 1/2-1/2

[Event "GBR-ch106 Senior Over 65"]
[Site "Torquay"]
[Date "2019.08.02"]
[Round "5.10"]
[White "Bowmer, Kevin"]
[Black "Towers, Nigel S"]
[Result "1/2-1/2"]
[WhiteElo "2107"]
[BlackElo "1830"]
[PlyCount "59"]
[EventDate "2019.07.29"]
[EventType "swiss"]
[EventRounds "7"]
[EventCountry "GBR"]

1. e4 c6 2. d4 d5 3. Nd2 dxe4 4. Nxe4 Bf5 5. Ng3 Bg6 6. h4 h6 7. Nf3 Nd7 8. h5
Bh7 9. Bd3 Bxd3 10. Qxd3 e6 11. Bd2 Ngf6 12. O-O-O Be7 13. Qe2 Qc7 14. Ne5 c5
15. Nxd7 Qxd7 16. dxc5 Qc7 17. Qb5+ Nd7 18. Be3 Rd8 19. Ne4 O-O 20. g3 a6 21.
Qc4 Qc6 22. f3 Nb6 23. Qb3 Nd5 24. Bf2 Nf6 25. Nxf6+ Bxf6 26. Rhe1 Be7 27. a3
Rc8 28. Re3 Rfd8 29. Red3 Rxd3 30. Rxd3 1/2-1/2

[Event "GBR-ch106 Senior Over 65"]
[Site "Torquay"]
[Date "2019.08.02"]
[Round "5.11"]
[White "Blewitt, Stephen D"]
[Black "Wright, Daniel"]
[Result "1-0"]
[WhiteElo "1744"]
[BlackElo "2235"]
[PlyCount "79"]
[EventDate "2019.07.29"]
[EventType "swiss"]
[EventRounds "7"]
[EventCountry "GBR"]

1. b3 d5 2. e3 e5 3. Bb2 Bd6 4. g3 Nf6 5. Nf3 Qe7 6. h3 Nc6 7. Bg2 a6 8. d3 Bf5
9. Nbd2 Rd8 10. a3 h6 11. Qe2 e4 12. dxe4 dxe4 13. Nd4 Nxd4 14. Bxd4 O-O 15.
Nc4 Bc5 16. Bb2 b5 17. Ne5 Qe6 18. c4 b4 19. a4 Rd6 20. Rd1 Rfd8 21. Rxd6 Qxd6
22. O-O Bc8 23. Kh2 Bb7 24. Ng4 Nh7 25. Be5 Qd7 26. Ba1 f6 27. Kg1 Qd2 28.
Nxh6+ gxh6 29. Qg4+ Kh8 30. Qf4 Qd6 31. Qxh6 Qe6 32. Qh5 Bf8 33. Bd4 Bc8 34.
Qh4 Bb7 35. Qh5 Kg8 36. Qg6+ Bg7 37. h4 Nf8 38. Qh5 f5 39. Bxg7 Kxg7 40. Qg5+
1-0

[Event "GBR-ch106 Senior Over 65"]
[Site "Torquay"]
[Date "2019.08.02"]
[Round "5.12"]
[White "Brameld, Arthur F"]
[Black "De Coverly, Roger D"]
[Result "0-1"]
[WhiteElo "2091"]
[BlackElo "1928"]
[PlyCount "64"]
[EventDate "2019.07.29"]
[EventType "swiss"]
[EventRounds "7"]
[EventCountry "GBR"]

1. Nc3 Nf6 2. f4 d5 3. e3 g6 4. b3 Bg7 5. Bb2 O-O 6. Nf3 c5 7. d3 Nc6 8. h3 d4
9. exd4 cxd4 10. Ne4 Nd5 11. Qd2 Qc7 12. g3 Ne3 13. c3 f5 14. Nc5 e5 15. cxd4
exf4 16. Rh2 fxg3 17. Re2 f4 18. Rxe3 fxe3 19. Qxe3 b6 20. Ne4 Nb4 21. Rc1 Nc2+
22. Ke2 Nxe3 23. Rxc7 Nxf1 24. Rxg7+ Kxg7 25. d5+ Kh6 26. Bc1+ Kh5 27. Bg5 Bxh3
28. Nf6+ Rxf6 29. Bxf6 Re8+ 30. Ne5 Nh2 31. d6 g2 32. Kf2 Rxe5 0-1

[Event "GBR-ch106 Senior Over 65"]
[Site "Torquay"]
[Date "2019.08.02"]
[Round "5.13"]
[White "Kelly, Ian G"]
[Black "Marshall, Michael O"]
[Result "1-0"]
[WhiteElo "2000"]
[BlackElo "1885"]
[PlyCount "71"]
[EventDate "2019.07.29"]
[EventType "swiss"]
[EventRounds "7"]
[EventCountry "GBR"]

1. Nf3 c5 2. c4 Nc6 3. g3 g6 4. Bg2 Bg7 5. Nc3 d6 6. O-O e5 7. a3 Nge7 8. b4 b6
9. Rb1 O-O 10. b5 Na5 11. d3 Rb8 12. Bd2 h6 13. Ne1 Bb7 14. Nd5 Nxd5 15. cxd5
Bc8 16. Nc2 Nb7 17. Ne3 Bd7 18. Nc4 Kh7 19. a4 Qe7 20. Qc2 Bg4 21. e3 Bf5 22.
a5 bxa5 23. Bxa5 Rfe8 24. Bc3 Bf6 25. b6 axb6 26. Rxb6 Qc7 27. Rfb1 Bc8 28.
Nxd6 Rd8 29. Nxb7 Rxb7 30. d6 Rxd6 31. Rxb7 Bxb7 32. Rxb7 Qd8 33. Rxf7+ Kg8 34.
Qb3 Kh8 35. Be4 Qg8 36. Rb7 1-0

[Event "GBR-ch106 Senior Over 65"]
[Site "Torquay"]
[Date "2019.08.02"]
[Round "5.14"]
[White "Gamble, Raymond J"]
[Black "Moore, Geoffrey R"]
[Result "1-0"]
[WhiteElo "1835"]
[BlackElo "1964"]
[PlyCount "119"]
[EventDate "2019.07.29"]
[EventType "swiss"]
[EventRounds "7"]
[EventCountry "GBR"]

1. d4 g6 2. e4 Bg7 3. c3 d6 4. Nf3 Nf6 5. Nbd2 O-O 6. Bc4 e6 7. O-O a6 8. a4 b6
9. Qe2 Bb7 10. e5 Ne8 11. exd6 cxd6 12. Re1 Nc7 13. h4 h6 14. Bd3 Nd7 15. Nc4
Ne8 16. Bf4 Ndf6 17. Nh2 Nh5 18. Bd2 Nhf6 19. Ng4 Nxg4 20. Qxg4 Nf6 21. Qg3 e5
22. Nxd6 Bc6 23. dxe5 Nh5 24. Qe3 Qxh4 25. Qh3 Qxh3 26. gxh3 Rfd8 27. Be4 Bxe4
28. Nxe4 Bxe5 29. Bxh6 Rd3 30. Be3 Nf4 31. h4 Nd5 32. Rad1 Rxd1 33. Rxd1 Nxe3
34. fxe3 Kh7 35. Kf2 Kg7 36. Kf3 Kh6 37. Nf2 f5 38. Rd5 Re8 39. Nd3 Bc7 40. Rd4
Bh2 41. Nf4 Bxf4 42. Rxf4 Kh5 43. Rd4 Re6 44. b4 Rc6 45. c4 Rc7 46. e4 fxe4+
47. Kxe4 Rc6 48. Ke3 Rf6 49. c5 bxc5 50. bxc5 Rc6 51. Rc4 g5 52. hxg5 Kxg5 53.
Ke4 Kf6 54. Kd5 Rc8 55. Kd6 Rd8+ 56. Kc7 Rd5 57. c6 Rd1 58. Kb6 Rb1+ 59. Kxa6
Rb8 60. c7 1-0

[Event "GBR-ch106 Senior Over 65"]
[Site "Torquay"]
[Date "2019.08.02"]
[Round "5.15"]
[White "Stimpson, Philip M"]
[Black "Fisher, C Phillip"]
[Result "1/2-1/2"]
[WhiteElo "1935"]
[BlackElo "1843"]
[PlyCount "103"]
[EventDate "2019.07.29"]
[EventType "swiss"]
[EventRounds "7"]
[EventCountry "GBR"]

1. e4 c5 2. Nc3 Nc6 3. f4 g6 4. Nf3 Bg7 5. Bb5 Nd4 6. O-O a6 7. Bd3 e6 8. Nxd4
cxd4 9. Ne2 Ne7 10. c3 Nc6 11. e5 d6 12. Nxd4 dxe5 13. Nxc6 Qb6+ 14. Kh1 Qxc6
15. fxe5 Bxe5 16. Qf3 Qxf3 17. Rxf3 f5 18. Bc2 Bc7 19. d4 Kf7 20. Bf4 Bxf4 21.
Rxf4 Re8 22. Re1 Bd7 23. Rf2 Re7 24. Re5 Kf6 25. h4 Bc6 26. Kh2 Rd8 27. Kg3 Rd5
28. Kf4 h6 29. Rfe2 g5+ 30. hxg5+ hxg5+ 31. Kg3 Rxe5 32. Rxe5 Bd5 33. Bxf5 Bxa2
34. Be4 b5 35. Kg4 Rg7 36. Rc5 Bc4 37. b4 Be2+ 38. Kg3 Ra7 39. Rc8 a5 40. bxa5
Rxa5 41. Rc5 Ra3 42. Bc6 Bc4 43. Bxb5 Bxb5 44. Rxb5 Rxc3+ 45. Kg4 Rc4 46. Rxg5
Rxd4+ 47. Kh5 Rd5 48. Rxd5 exd5 49. Kg4 Ke5 50. Kf3 Kd4 51. Ke2 Ke4 52. g3
1/2-1/2

[Event "GBR-ch106 Senior Over 65"]
[Site "Torquay"]
[Date "2019.08.02"]
[Round "5.16"]
[White "Orton, Stephen LA"]
[Black "Ramage, Colin R"]
[Result "1-0"]
[WhiteElo "2167"]
[BlackElo "1798"]
[PlyCount "31"]
[EventDate "2019.07.29"]
[EventType "swiss"]
[EventRounds "7"]
[EventCountry "GBR"]

1. e4 e5 2. Nf3 f5 3. Nxe5 Nc6 4. d4 Qh4 5. Nf3 Qxe4+ 6. Be2 Nf6 7. O-O Be7 8.
Nc3 Qg4 9. d5 Nb4 10. Nd4 Qg6 11. a3 Na6 12. Bd3 d6 13. Re1 Kd8 14. Bxa6 bxa6
15. Nc6+ Ke8 16. Nxe7 1-0

[Event "GBR-ch106 Senior Over 65"]
[Site "Torquay"]
[Date "2019.08.02"]
[Round "5.17"]
[White "Milnes, Anthony CP"]
[Black "Tidmarsh, David A"]
[Result "1-0"]
[WhiteElo "1974"]
[BlackElo "1809"]
[PlyCount "65"]
[EventDate "2019.07.29"]
[EventType "swiss"]
[EventRounds "7"]
[EventCountry "GBR"]

1. f4 d5 2. Nf3 g6 3. e3 Bg7 4. Be2 Nf6 5. O-O O-O 6. d3 c5 7. Nc3 Nc6 8. Ne5
d4 9. Nxc6 bxc6 10. Ne4 Nxe4 11. dxe4 dxe3 12. c3 Qa5 13. Bxe3 Rb8 14. Qc2 e6
15. Rfd1 Re8 16. a3 Bf8 17. b4 Qc7 18. g3 a6 19. Bc4 cxb4 20. axb4 Ra8 21. Qf2
Qb7 22. Bc5 Bxc5 23. bxc5 Qe7 24. Rd6 Bb7 25. Qd4 e5 26. fxe5 Qg5 27. e6 f6 28.
Rd7 Bc8 29. Rd8 Bb7 30. Rxa8 Rxa8 31. Kf2 h5 32. Qd7 h4 33. e7+ 1-0

[Event "GBR-ch106 Senior Over 65"]
[Site "Torquay"]
[Date "2019.08.02"]
[Round "5.18"]
[White "Walkowiak, Adam"]
[Black "Thynne, Trefor F"]
[Result "0-1"]
[WhiteElo "1698"]
[BlackElo "1913"]
[PlyCount "62"]
[EventDate "2019.07.29"]
[EventType "swiss"]
[EventRounds "7"]
[EventCountry "GBR"]

1. d4 d5 2. c4 c6 3. Nc3 Nf6 4. e3 e6 5. Nf3 Nbd7 6. Bd3 Be7 7. O-O O-O 8. b3
b6 9. Bb2 Bb7 10. Qe2 Re8 11. Rad1 Qc7 12. Ne5 Bd6 13. f4 Re7 14. g4 Nf8 15. g5
N6d7 16. Qg4 Rae8 17. Rd2 a6 18. h4 g6 19. e4 f5 20. exf5 exf5 21. Qg3 Ne6 22.
Be2 Nxd4 23. Rxd4 Bc5 24. Qd3 Nxe5 25. fxe5 Qxe5 26. Rd1 Bxd4+ 27. Qxd4 Qg3+
28. Kf1 c5 29. Qf2 Qxf2+ 30. Kxf2 d4 31. Na4 Rxe2+ 0-1

[Event "GBR-ch106 Senior Over 65"]
[Site "Torquay"]
[Date "2019.08.02"]
[Round "5.19"]
[White "Skinner, Nicholas H"]
[Black "Dennis, Nigel W"]
[Result "1/2-1/2"]
[WhiteElo "1905"]
[BlackElo "1745"]
[PlyCount "47"]
[EventDate "2019.07.29"]
[EventType "swiss"]
[EventRounds "7"]
[EventCountry "GBR"]

1. d4 Nf6 2. Bg5 g6 3. Bxf6 exf6 4. e3 Bg7 5. g3 O-O 6. Bg2 d5 7. Ne2 c6 8. Nd2
Be6 9. Nf4 Na6 10. O-O Nc7 11. c4 dxc4 12. Nxe6 fxe6 13. Nxc4 Qe7 14. Qb3 Rab8
15. Rac1 Rfd8 16. Rfd1 Kf8 17. a3 Ne8 18. Qc2 Nd6 19. b4 Nxc4 20. Qxc4 e5 21.
dxe5 Qxe5 22. h4 f5 23. a4 Bf6 24. b5 1/2-1/2

[Event "GBR-ch106 Senior Over 65"]
[Site "Torquay"]
[Date "2019.08.02"]
[Round "5.20"]
[White "Collins, Peter M"]
[Black "Rhodes, Lawrence"]
[Result "1/2-1/2"]
[WhiteElo "1868"]
[BlackElo "1607"]
[PlyCount "45"]
[EventDate "2019.07.29"]
[EventType "swiss"]
[EventRounds "7"]
[EventCountry "GBR"]

1. d4 g6 2. e4 Bg7 3. Nc3 d6 4. Be3 a6 5. f4 Nd7 6. Nf3 b5 7. Bd3 Bb7 8. e5 b4
9. Ne4 Nh6 10. Ng3 e6 11. Qe2 Qe7 12. h4 Nf5 13. Nxf5 gxf5 14. h5 h6 15. a3 a5
16. axb4 axb4 17. Rxa8+ Bxa8 18. Ba6 Be4 19. Bd3 Bxd3 20. Qxd3 d5 21. Bf2 O-O
22. Bh4 f6 23. Nh2 1/2-1/2

[Event "GBR-ch106 Senior Over 65"]
[Site "Torquay"]
[Date "2019.08.02"]
[Round "5.21"]
[White "Goodwin, Ed H"]
[Black "Norman, Dinah M"]
[Result "1-0"]
[WhiteElo "1825"]
[BlackElo "1680"]
[PlyCount "63"]
[EventDate "2019.07.29"]
[EventType "swiss"]
[EventRounds "7"]
[EventCountry "GBR"]

1. d4 d5 2. Nc3 Nf6 3. Bf4 c6 4. e3 Bf5 5. f3 h6 6. g4 Bg6 7. Bd3 Bxd3 8. Qxd3
e6 9. O-O-O Bd6 10. Nge2 Qc7 11. h4 Na6 12. Bxd6 Qxd6 13. g5 Nd7 14. e4 hxg5
15. hxg5 O-O-O 16. e5 Qe7 17. f4 g6 18. Rh3 Rdg8 19. Rdh1 Rxh3 20. Qxh3 Qe8 21.
Nd1 Nc7 22. Ne3 Kb8 23. Ng4 a6 24. Qh7 Qf8 25. Qh3 Qe8 26. Nc3 Nb5 27. Nxb5
axb5 28. Kb1 Qf8 29. Qh7 Qg7 30. Qxg7 Rxg7 31. Rh8+ Kc7 32. Nf6 1-0

[Event "GBR-ch106 Senior Over 65"]
[Site "Torquay"]
[Date "2019.08.02"]
[Round "5.22"]
[White "Hughes, Peter"]
[Black "Levens, David G"]
[Result "0-1"]
[WhiteElo "1794"]
[BlackElo "1904"]
[PlyCount "76"]
[EventDate "2019.07.29"]
[EventType "swiss"]
[EventRounds "7"]
[EventCountry "GBR"]

1. d3 b6 2. e4 e5 3. Nf3 d6 4. Be2 Be7 5. O-O Bb7 6. Nbd2 Nd7 7. Nc4 Ngf6 8.
Bd2 c6 9. a4 a5 10. Re1 Qc7 11. Bf1 O-O 12. Bc3 c5 13. Bd2 Rfe8 14. Ne3 d5 15.
exd5 Nxd5 16. Nc4 Bf6 17. Bg5 Rad8 18. Qd2 Bxg5 19. Nxg5 Nf4 20. Ne4 Re6 21. f3
Rg6 22. Ne3 Nf6 23. Nc4 Nxe4 24. fxe4 Qe7 25. Ne3 Qg5 26. Nc4 Rd4 27. Kh1 Rh6
28. Qf2 f5 29. Nd2 Qh5 30. Nf3 fxe4 31. dxe4 Bxe4 32. Rxe4 Rxe4 33. Bd3 Nxd3
34. cxd3 Rf4 35. h3 g5 36. Qc2 Rxf3 37. gxf3 Qxf3+ 38. Kg1 Rxh3 0-1